Statistics for LoL Worlds Top 20 2023

Click here to take the quiz!

General Stats

  • This quiz has been taken 110 times
  • The average score is 15 of 20

Answer Stats

HintAnswer% Correct
3Faker
99%
1Zeus
96%
4Gumayusi
95%
6Keria
95%
2Oner
95%
5Ruler
87%
8Bin
84%
14369
82%
7TheShy
82%
11knight
76%
19Chovy
75%
18Kanavi
72%
10Elk
68%
16Xiaohu
68%
15Yagao
68%
13Peyz
60%
9Light
56%
12Weiwei
55%
20Xun
46%
17Bdd
40%

Score Distribution

Percentile by Number Answered

Percent of People with Each Score

Your Score History

You have not taken this quiz